000 00986nam a2200241 i 4500
001 122690
003 ES-MaACL
005 20250702105600.0
007 t|
008 070214q1920 sp |||| | cat d
100 1 _aPuig i Cadafalch, Josep.
_994266
245 1 0 _aParlament del senyor Josep Puig i Cadafalch en l'acte de la inauguració de la biblioteca popular de la Mancomunitat de Catalunya en la vila de Vendrell, 17 octubre 1920 /
_cJosep Puig i Cadafalch.
260 _a[Barcelona :
_bJ.P. i Cadafalch,
_c1920?]
300 _a13 p. ;
_c30 cm.
530 _aDisponible en formato digital.
597 _aEscrito a máquina.
610 2 4 _aAteneo de Madrid-
_vObras digitalizadas.
_91930
650 7 _aEnseñanza-
_zCataluña
_9144805
852 _aES-MaACL
_j1602-F-26
_cDEPOF
856 4 _uwww.ateneodemadrid.com/Biblioteca/Novedades/Novedades-Coleccion-Digital/Parlament-del-senyor-Puig-y-Cadafalch
_zTexto en linea
942 _2udc
999 _c122690
_d122690